I gay

Furkejuvvon:
Bibliográfalaš dieđut
Váldodahkki: Licci, Giulia
Materiálatiipa: Girji
Giella:eaŋgalasgiella
Almmustuhtton: Besana Brianza
Fáddágilkorat: Lasit fáddágilkoriid
Eai fáddágilkorat, Lasit vuosttaš fáddágilkora!

MARC

LEADER 00000nam a2200000 4500
001 CDOM0000003769
003 mi
005 20250922183821.0
008 250922b |||||||| |||| 00| 0 eng d
040 |c mi 
100 |a Licci, Giulia 
245 1 |a I gay  
260 |a Besana Brianza 
942 |2 ddc  |c BK 
952 |0 0  |1 0  |2 ddc  |4 0  |7 0  |9 6986  |a MI  |b MI  |d 2009-08-28  |i 5489  |l 0  |p CDOM5489  |r 2025-07-13 16:28:00  |w 2025-07-13  |x DONO  |y BK 
999 |c 5703  |d 5703